| 000 | 00747nam a2200229Ia 4500 | ||
|---|---|---|---|
| 001 | 17021 | ||
| 003 | GE_BSU | ||
| 008 | 181216s||||||||xx |||||||||||||| ||und|| | ||
| 040 | _cGE_BSU | ||
| 080 | _a821.161.1-31 | ||
| 100 | _aლეონოვი, ლ. | ||
| 245 | _aრუსული ტყე | ||
| 245 | _bრომანი | ||
| 245 | _cთარგმ. და ბოლოსიტყვაობა გ. კარბელაშვილისა. რედ.ნ.ავიაშვილი | ||
| 260 | _aთბილისი | ||
| 260 | _bსაბჭ. საქართველო | ||
| 260 | _c1962 | ||
| 300 | _a754გვ.22სმ. | ||
| 653 | _aრომანი | ||
| 653 | _aრუსული ტყე | ||
| 942 | _cBK | ||
| 999 |
_c50083 _d50083 |
||